000 00486nam a22001817a 4500
003 CEME
005 20210628205846.0
008 210317b xxu||||| |||| 00| 0 eng d
020 _a0-256-13784-6
040 _c.
082 _a658 GAT
100 _aFerrell, O.C Taylor, Robert.Rgatewood, Robert.D
_977285
245 _aManagement comprehension analysis and application
260 _aCHICAGO
_bIRWIN
_c1994
300 _aXXXII,713P
650 _aMANAGEMENT
_99139
942 _cBK
_2ddc
999 _c582582
_d582582